000 00643nam a2200277Ia 4500
005 20260121124529.0
008 008 260114s9999 xx 000 0 eng d
020 _a9780226504001
037 _aEBOOK
040 _aCRL
040 _beng
040 _cCRL
041 _2eng
041 _aeng
084 _qCRL
100 _aShuster, Martin
_9977569
245 0 _aNew Television
260 _bWalter de Gruyter
260 _bWalter de Gruyter
260 _c2017
650 _aPhilosophy
_9977570
856 _uhttp://www.degruyter.com/isbn/9780226504001
942 _cEBOOK
999 _c1555278
_d1555278